<?xml version='1.0' encoding='UTF-8'?>
  <record xmlns="http://www.loc.gov/MARC21/slim">
    <leader>00000cam a22000007i 4500</leader>
    <controlfield tag="001">ocm64353657</controlfield>
    <controlfield tag="003">OCoLC</controlfield>
    <controlfield tag="005">20251009202153.6</controlfield>
    <controlfield tag="008">860527s1890    ne            000 0 dut d</controlfield>
    <datafield tag="040" ind1=" " ind2=" ">
      <subfield code="a">NLGGC</subfield>
      <subfield code="b">dut</subfield>
      <subfield code="e">fobidrtb</subfield>
      <subfield code="c">NLGGC</subfield>
      <subfield code="d">OCLCO</subfield>
      <subfield code="d">OCLCA</subfield>
      <subfield code="d">OCLCL</subfield>
      <subfield code="d">OCLCQ</subfield>
    </datafield>
    <datafield tag="029" ind1="0" ind2=" ">
      <subfield code="a">NLGGC</subfield>
      <subfield code="b">862194199</subfield>
    </datafield>
    <datafield tag="035" ind1=" " ind2=" ">
      <subfield code="a">(OCoLC)64353657</subfield>
    </datafield>
    <datafield tag="041" ind1="1" ind2=" ">
      <subfield code="a">dut</subfield>
      <subfield code="h">ita</subfield>
    </datafield>
    <datafield tag="100" ind1="0" ind2=" ">
      <subfield code="a">Alphonsus Maria,</subfield>
      <subfield code="c">de Liguori</subfield>
      <subfield code="q">(Alfonso Maria),</subfield>
      <subfield code="d">1696-1787.</subfield>
      <subfield code="1">https://id.oclc.org/worldcat/entity/E39PBJxhkBHBqcT84DMtjHMHG3</subfield>
    </datafield>
    <datafield tag="245" ind1="1" ind2="3">
      <subfield code="a">De beoefening der liefde tot Jesus Christus :</subfield>
      <subfield code="b">handleiding, getrokken uit de woorden van den H. Paulus: Charitas patiens est, etc. : de liefde is geduldig, enz. Epist. I. Cor. XIII. 4 : voor allen, die hunne zaligheid wenschen te verzekeren en den weg der volmaaktheid willen bewandelen /</subfield>
      <subfield code="c">door Alphonsus Maria de Liguori ; uit het Italiaansch vert. door Th.F. Bensdorp.</subfield>
    </datafield>
    <datafield tag="260" ind1=" " ind2=" ">
      <subfield code="a">Amsterdam :</subfield>
      <subfield code="b">Borg,</subfield>
      <subfield code="c">1890.</subfield>
    </datafield>
    <datafield tag="300" ind1=" " ind2=" ">
      <subfield code="a">424 p. ;</subfield>
      <subfield code="c">14 cm.</subfield>
    </datafield>
    <datafield tag="336" ind1=" " ind2=" ">
      <subfield code="a">tekst</subfield>
      <subfield code="b">txt</subfield>
      <subfield code="2">rdacontent/dut</subfield>
    </datafield>
    <datafield tag="337" ind1=" " ind2=" ">
      <subfield code="a">zonder medium</subfield>
      <subfield code="b">n</subfield>
      <subfield code="2">rdamedia/dut</subfield>
    </datafield>
    <datafield tag="338" ind1=" " ind2=" ">
      <subfield code="a">band</subfield>
      <subfield code="b">nc</subfield>
      <subfield code="2">rdacarrier/dut</subfield>
    </datafield>
    <datafield tag="530" ind1=" " ind2=" ">
      <subfield code="a">Boek wordt verfilmd Metamorfoze UBU.</subfield>
    </datafield>
    <datafield tag="700" ind1="1" ind2=" ">
      <subfield code="a">Bensdorp, Th.F.</subfield>
      <subfield code="q">(Theodorus Franciscus),</subfield>
      <subfield code="c">calvinistisch theoloog,</subfield>
      <subfield code="d">1860-1917.</subfield>
      <subfield code="1">https://id.oclc.org/worldcat/entity/E39PCjtwXQ7QqyRhf4HDMBVvxP</subfield>
    </datafield>
    <datafield tag="936" ind1=" " ind2=" ">
      <subfield code="a">BATCHLOAD</subfield>
    </datafield>
  </record>